Measuring the financial markets' perception of EMU enlargement: the role of ambiguity aversion

Enregistré dans:
Détails bibliographiques
Auteur principal: Cincibuch, Martin
Autres auteurs: Horníková, Martina
Format: Chapitre de livre
Langue:anglais
Sujets:
Tags: Ajouter un tag
Pas de tags, Soyez le premier à ajouter un tag!

MARC

LEADER 00000naa$a2200000$$$4500
001 0092523
005 20231010112243.0
041 0 |a eng 
044 |a CZ 
245 1 0 |a Measuring the financial markets' perception of EMU enlargement: the role of ambiguity aversion  |c Martin Cincibuch, Martina Horníková 
610 2 0 |a Európska menová únia 
610 2 0 |a trh finančný 
610 2 0 |a meranie 
610 2 0 |a forwardy 
610 2 0 |a špekulácie 
610 2 0 |a modely 
610 2 0 |a predvídanie 
100 1 |a Cincibuch, Martin 
700 1 |a Horníková, Martina